5HLuxD.jpg

KING HENRY VIII SENIOR AND PRIMARY SCHOOL LIBRARY OPAC

Cultural traditions in the Netherlands / (Record no. 1349)

000 -LEADER
fixed length control field 01761cam a22003734i 4500
001 - CONTROL NUMBER
control field 18849573
003 - CONTROL NUMBER IDENTIFIER
control field OSt
005 - DATE AND TIME OF LATEST TRANSACTION
control field 20221228150857.0
008 - FIXED-LENGTH DATA ELEMENTS--GENERAL INFORMATION
fixed length control field 151107s2016 nyua j b 001 0 eng
010 ## - LIBRARY OF CONGRESS CONTROL NUMBER
LC control number 2015042104
020 ## - INTERNATIONAL STANDARD BOOK NUMBER
International Standard Book Number 9780778780939 (paperback : alkaline paper)
040 ## - CATALOGING SOURCE
Original cataloging agency DLC
Language of cataloging eng
Transcribing agency DLC
Description conventions rda
Modifying agency DLC
-- KH8
042 ## - AUTHENTICATION CODE
Authentication code pcc
043 ## - GEOGRAPHIC AREA CODE
Geographic area code e-ne---
082 00 - DEWEY DECIMAL CLASSIFICATION NUMBER
Classification number 394.269492 SPE
Edition number 23
100 1# - MAIN ENTRY--PERSONAL NAME
Personal name Spence, Kelly,
Relator term author.
245 10 - TITLE STATEMENT
Title Cultural traditions in the Netherlands /
Statement of responsibility, etc. Kelly Spence.
264 #1 - PRODUCTION, PUBLICATION, DISTRIBUTION, MANUFACTURE, AND COPYRIGHT NOTICE
Place of production, publication, distribution, manufacture New York, New York :
Name of producer, publisher, distributor, manufacturer Crabtree Publishing,
Date of production, publication, distribution, manufacture, or copyright notice [2016]
300 ## - PHYSICAL DESCRIPTION
Extent 32 pages :
Other physical details color illustrations ;
Dimensions 28 cm.
336 ## - CONTENT TYPE
Content type term text
Source rdacontent
337 ## - MEDIA TYPE
Media type term unmediated
Source rdamedia
338 ## - CARRIER TYPE
Carrier type term volume
Source rdacarrier
490 0# - SERIES STATEMENT
Series statement Cultural traditions in my world
504 ## - BIBLIOGRAPHY, ETC. NOTE
Bibliography, etc. note Includes bibliographical references and index.
505 0# - FORMATTED CONTENTS NOTE
Formatted contents note Welcome to the Netherlands -- Special days -- Happy New Year! -- National Tulip Day -- Carnival -- Easter -- King's Day -- National Mill Day -- National Remembrance Day and Liberation Day -- Ascension Day and Pentecost -- Flag Day -- St. Martin's Day -- Sinterklaas -- Christmas.
650 #0 - SUBJECT ADDED ENTRY--TOPICAL TERM
Topical term or geographic name entry element Holidays
Geographic subdivision Netherlands
Form subdivision Juvenile literature.
650 #0 - SUBJECT ADDED ENTRY--TOPICAL TERM
Topical term or geographic name entry element Festivals
Geographic subdivision Netherlands
Form subdivision Juvenile literature.
650 #0 - SUBJECT ADDED ENTRY--TOPICAL TERM
Topical term or geographic name entry element Fasts and feasts
Geographic subdivision Netherlands
Form subdivision Juvenile literature.
651 #0 - SUBJECT ADDED ENTRY--GEOGRAPHIC NAME
Geographic name Netherlands
General subdivision Social life and customs
Form subdivision Juvenile literature.
776 08 - ADDITIONAL PHYSICAL FORM ENTRY
Relationship information Online version:
Main entry heading Spence, Kelly, author.
Title Cultural traditions in the Netherlands
Place, publisher, and date of publication New York, New York : Crabtree Publishing, [2016]
International Standard Book Number 9781427180957
Record control number (DLC) 2015045084
906 ## - LOCAL DATA ELEMENT F, LDF (RLIN)
a 7
b cbc
c orignew
d 1
e ecip
f 20
g y-gencatlg
942 ## - ADDED ENTRY ELEMENTS (KOHA)
Source of classification or shelving scheme
Koha item type Books - Non Ficton
Holdings
Withdrawn status Lost status Source of classification or shelving scheme Damaged status Not for loan Collection code Permanent Location Current Location Shelving location Date acquired Total Checkouts Full call number Barcode Date last seen Date last checked out Price effective from Koha item type
          Non-Fiction KH8 Primary School Library KH8 Primary School Library Non Fiction 2022-12-28 13 394.269492 SPE KHPL000003127 2025-12-05 2025-10-08 2022-12-28 Books - Non Ficton

Powered By KH8 IT Dept